[Event "Posadas Misionera op"]
[Site "Posadas"]
[Date "2022.08.14"]
[Round "3"]
[White "Medina, Carlos Fermin"]
[Black "Alvarez, Jesus Esteban"]
[Result "0-1"]
[WhiteElo "1463"]
[BlackElo "1615"]
[PlyCount "94"]
[EventDate "2022.08.13"]
[EventType "swiss"]
[EventRounds "6"]
[EventCountry "ARG"]
[SourceTitle "EXT 2023"]
[Source "ChessBase"]
[SourceDate "2022.10.05"]
[SourceVersion "1"]
[SourceVersionDate "2022.10.05"]
[SourceQuality "1"]

1. e4 c5 2. Nf3 d6 3. d4 Nf6 4. e5 dxe5 5. dxe5 Qxd1+ 6. Kxd1 Ng4 7. Ke1 g6 8. h3 Nh6 9. Bb5+ Bd7 10. Nc3 Nc6 11. Bf4 0-0-0 12. Rd1 a6 13. e6 Bxe6 14. Bxc6 Rxd1+ 15. Kxd1 bxc6 16. Na4 f6 17. Nxc5 Bd5 18. Nxa6 e5 19. Be3 Nf5 20. Bc5 Bxc5 21. Nxc5 e4 22. Ne1 Rd8 23. Kc1 e3 24. Ncd3 exf2 25. Nxf2 Ng3 26. Rh2 c5 27. b3 Re8 28. Ned3 c4 29. bxc4 Bxc4 30. Kb2 Re7 31. Nc5 Re2 32. Ncd3 f5 33. h4 Ne4 34. Nxe4 Bxd3 35. Ng5 Rxc2+ 36. Kb3 Rc7 37. g3 h6 38. Nf3 Re7 39. Nd2 Re3 40. Kb4 Rxg3 41. a4 Rg4+ 42. Kc3 Ba6 43. Kb3 Kc7 44. Nf3 Rg3 45. Rc2+ Kd6 46. Rc3 Bb7 47. Rd3+ Bd5+ 0-1

[Event "Posadas Misionera op"]
[Site "Posadas"]
[Date "2022.08.13"]
[Round "1"]
[White "Medina, Carlos Fermin"]
[Black "Cantero, Carlos Ramon"]
[Result "0-1"]
[WhiteElo "1463"]
[BlackElo "1943"]
[PlyCount "78"]
[EventDate "2022.08.13"]
[EventType "swiss"]
[EventRounds "6"]
[EventCountry "ARG"]
[SourceTitle "EXT 2023"]
[Source "ChessBase"]
[SourceDate "2022.10.05"]
[SourceVersion "1"]
[SourceVersionDate "2022.10.05"]
[SourceQuality "1"]

1. Nf3 Nf6 2. g3 b6 3. Bg2 Bb7 4. 0-0 e6 5. d3 d5 6. Nbd2 Bc5 7. c3 a5 8. Qc2 0-0 9. d4 Bd6 10. Ne5 Nbd7 11. f4 c5 12. Ndf3 cxd4 13. cxd4 Rc8 14. Qd3 Ne4 15. Nd2 Ndf6 16. Ndf3 Ne8 17. a3 f6 18. Ng4 Nc7 19. Re1 Qd7 20. Nf2 Ba6 21. Qb1 Nxf2 22. Kxf2 e5 23. dxe5 fxe5 24. e3 e4 25. Nd4 Bc5 26. b4 Bxd4 27. exd4 Bd3 28. Qb3 a4 29. Qd1 Nb5 30. Qxa4 Bc2 31. Qa6 Qc6 32. Bf1 Nxd4 33. Bh3 Bd3 34. Bxc8 Rxc8 35. Qxc8+ Qxc8 36. Ra2 Nc2 37. Rd1 Qg4 38. Rd2 Qf3+ 39. Kg1 Qf1# 0-1

[Event "Ita op 1st"]
[Site "Ita"]
[Date "2022.02.12"]
[Round "2"]
[White "Ibanez, Juan"]
[Black "Medina, Carlos Fermin"]
[Result "1-0"]
[WhiteElo "1819"]
[BlackElo "1524"]
[PlyCount "56"]
[EventDate "2022.02.11"]
[EventType "swiss"]
[EventRounds "7"]
[EventCountry "PAR"]
[SourceTitle "EXT 2023"]
[Source "ChessBase"]
[SourceDate "2022.10.05"]
[SourceVersion "1"]
[SourceVersionDate "2022.10.05"]
[SourceQuality "1"]

1. e4 e5 2. d4 d6 3. Nf3 Nc6 4. Bb5 exd4 5. Qxd4 Bd7 6. Bxc6 Bxc6 7. c4 Qf6 8. Qd3 h5 9. Nc3 Be7 10. Nd5 Bxd5 11. cxd5 a6 12. Bd2 Qxb2 13. 0-0 Qb5 14. Qc2 Qd7 15. Rab1 c5 16. dxc6 bxc6 17. Nd4 c5 18. Nf5 g6 19. Bc3 Nf6 20. Nxe7 Qxe7 21. Qb2 0-0 22. Bxf6 Qxe4 23. Bh8 f6 24. Bxf6 Rab8 25. Qxb8 Rxb8 26. Rxb8+ Kf7 27. Bg5 Qd5 28. h4 Qxa2 1-0

[Event "PAR-ch sf"]
[Site "Asuncion"]
[Date "2019.09.12"]
[Round "9"]
[White "Medina, Carlos Fermin"]
[Black "Salinas, Victor"]
[Result "1-0"]
[WhiteElo "1510"]
[BlackElo "1595"]
[PlyCount "105"]
[EventDate "2019.09.06"]
[EventType "swiss"]
[EventRounds "9"]
[EventCountry "PAR"]
[SourceTitle "EXT 2020"]
[Source "ChessBase"]
[SourceDate "2019.10.17"]
[SourceVersion "1"]
[SourceVersionDate "2019.10.17"]
[SourceQuality "1"]

1. e4 c5 2. Nf3 g6 3. d4 cxd4 4. Qxd4 Nf6 5. e5 Nc6 6. Qc3 Nd5 7. Qd2 e6 8. c4 Nb6 9. b3 Bg7 10. Bb2 0-0 11. Be2 Qc7 12. Qe3 Ne7 13. Nbd2 Nf5 14. Qf4 f6 15. 0-0-0 a5 16. g4 fxe5 17. Nxe5 d6 18. gxf5 Rxf5 19. Qg3 Bxe5 20. Bxe5 dxe5 21. Bd3 a4 22. Bxf5 exf5 23. Rhe1 axb3 24. axb3 Qc5 25. Qxe5 Qa3+ 26. Qb2 Qxb2+ 27. Kxb2 Bd7 28. c5 Nd5 29. Nc4 Bc6 30. Ne5 Ra5 31. Nxc6 bxc6 32. Rxd5 cxd5 33. b4 Ra7 34. Re6 Kf7 35. Rd6 Re7 36. Rxd5 Re2+ 37. Kc3 Rxf2 38. c6 Rf1 39. b5 Rb1 40. Kc4 f4 41. Rd3 Ke6 42. Kc5 Rc1+ 43. Kb6 Ke5 44. c7 Ke4 45. Rd6 f3 46. Rf6 Ke3 47. Kb7 f2 48. c8Q Rxc8 49. Kxc8 h5 50. b6 Ke2 51. b7 f1Q 52. Rxf1 Kxf1 53. b8Q 1-0

[Event "PAR-ch sf"]
[Site "Asuncion"]
[Date "2019.09.08"]
[Round "5"]
[White "Britez, G Jorge A"]
[Black "Medina, Carlos Fermin"]
[Result "1-0"]
[WhiteElo "1808"]
[BlackElo "1510"]
[PlyCount "79"]
[EventDate "2019.09.06"]
[EventType "swiss"]
[EventRounds "9"]
[EventCountry "PAR"]
[SourceTitle "EXT 2020"]
[Source "ChessBase"]
[SourceDate "2019.10.17"]
[SourceVersion "1"]
[SourceVersionDate "2019.10.17"]
[SourceQuality "1"]

1. e4 c5 2. Nf3 d6 3. d4 cxd4 4. Nxd4 Nf6 5. Nc3 a6 6. Be3 e5 7. Nb3 Be6 8. f4 exf4 9. Bxf4 Be7 10. Qd2 Nh5 11. Be3 0-0 12. 0-0-0 Nc6 13. Nd5 Bxd5 14. Qxd5 Nf6 15. Qd3 Ng4 16. Bg1 Nb4 17. Qd4 a5 18. Kb1 Nc6 19. Qb6 Qd7 20. Nc5 Qc8 21. Nd3 Bd8 22. Qb3 Re8 23. g3 Bf6 24. Bh3 Rxe4 25. c3 Qe8 26. Qxb7 Rb8 27. Qc7 Bxc3 28. Bg2 Rc4 29. Bd5 Qe2 30. Bb6 Ne3 31. Bxc6 Qc2+ 32. Ka1 Bxb2+ 33. Nxb2 Re8 34. Bxe3 Rxc6 35. Qa7 Qe2 36. Rhe1 Qg4 37. Bf4 Rd8 38. Qxa5 Rcc8 39. Qg5 Qd7 40. Rxd6 1-0

[Event "ARG-ch sf U300 City"]
[Site "Posadas"]
[Date "2019.06.16"]
[Round "6.4"]
[White "Fernandez, Gabriel2222"]
[Black "Medina, Carlos Fermin"]
[Result "1-0"]
[WhiteElo "1690"]
[BlackElo "1536"]
[PlyCount "67"]
[EventDate "2019.06.15"]
[EventType "swiss"]
[EventRounds "6"]
[EventCountry "ARG"]
[SourceTitle "EXT 2024"]
[Source "ChessBase"]
[SourceDate "2023.10.10"]
[SourceVersion "1"]
[SourceVersionDate "2023.10.10"]
[SourceQuality "1"]

1. d4 Nf6 2. Nf3 d5 3. Bf4 e6 4. e3 c5 5. c3 Nc6 6. Bd3 Be7 7. Nbd2 Nh5 8. Bg3 Nxg3 9. hxg3 cxd4 10. exd4 h6 11. Qe2 Bd7 12. Ne5 Nxe5 13. Qxe5 Bf6 14. Qe2 Qc7 15. f4 a6 16. Nf3 0-0 17. Ne5 Bxe5 18. fxe5 Qd8 19. Rh5 f5 20. exf6 Qxf6 21. Re5 b5 22. 0-0-0 b4 23. cxb4 Rac8+ 24. Kb1 Qf2 25. Bxa6 Ra8 26. Bd3 Qxg3 27. Re3 Qg5 28. Bc2 Rf4 29. Qd3 Raf8 30. Rg3 Qf6 31. Qh7+ Kf7 32. Rg6 Qd8 33. Rxg7+ Ke8 34. Bg6+ 1-0

[Event "Asuncion Estandar op"]
[Site "Asuncion"]
[Date "2019.01.20"]
[Round "6"]
[White "Ayala Ruiz, Miguel Angel"]
[Black "Medina, Carlos Fermin"]
[Result "0-1"]
[WhiteElo "1408"]
[BlackElo "1467"]
[PlyCount "60"]
[EventDate "2019.01.18"]
[EventType "swiss"]
[EventRounds "7"]
[EventCountry "PAR"]
[SourceTitle "CBM 188 Extra"]
[Source "ChessBase"]
[SourceDate "2019.02.26"]
[SourceVersion "1"]
[SourceVersionDate "2019.02.26"]
[SourceQuality "1"]

1. e4 c5 2. d4 cxd4 3. c3 dxc3 4. Nxc3 g6 5. Nf3 Bg7 6. Bf4 d6 7. Bc4 Qc7 8. Qe2 Nf6 9. 0-0 0-0 10. Rac1 a6 11. Rfd1 Nc6 12. e5 dxe5 13. Nxe5 Nh5 14. Nd5 Nxf4 15. Nxc7 Nxe2+ 16. Bxe2 Bxe5 17. Nxa8 Bxb2 18. Rb1 Be5 19. Nb6 Be6 20. Nc4 Bxc4 21. Bxc4 b5 22. Bd5 Nd4 23. Kf1 Rb8 24. f4 Bg7 25. a4 e6 26. Be4 b4 27. Bd3 a5 28. Kf2 Nc6 29. Rbc1 Ne7 30. Rc7 Nd5 0-1

[Event "Asuncion Estandar op"]
[Site "Asuncion"]
[Date "2019.01.19"]
[Round "2"]
[White "Montiel, Angel Nathanael"]
[Black "Medina, Carlos Fermin"]
[Result "1-0"]
[WhiteElo "1648"]
[BlackElo "1467"]
[PlyCount "77"]
[EventDate "2019.01.18"]
[EventType "swiss"]
[EventRounds "7"]
[EventCountry "PAR"]
[SourceTitle "CBM 188 Extra"]
[Source "ChessBase"]
[SourceDate "2019.02.26"]
[SourceVersion "1"]
[SourceVersionDate "2019.02.26"]
[SourceQuality "1"]

1. d4 Nf6 2. Nf3 d5 3. c4 e6 4. Nc3 Be7 5. Bg5 Nbd7 6. e3 c6 7. Bd3 dxc4 8. Bxc4 b5 9. Bd3 Bb7 10. Rc1 0-0 11. 0-0 a6 12. Bxf6 Nxf6 13. Ne4 Nxe4 14. Bxe4 Rc8 15. Ne5 Qd6 16. Qf3 f6 17. Nxc6 Bxc6 18. Rxc6 Rxc6 19. Bxc6 Rb8 20. Rc1 a5 21. g3 a4 22. Rc5 b4 23. Rc4 a3 24. b3 g6 25. Qe4 Kf7 26. d5 e5 27. f4 h5 28. Ba4 Rd8 29. Bc6 Rb8 30. h3 Rb6 31. g4 hxg4 32. hxg4 Qb8 33. Qh1 Kg7 34. Bd7 Qd6 35. Rc8 Bf8 36. g5 fxg5 37. fxg5 Kf7 38. Qh7+ Bg7 39. Be6+ 1-0

[Event "Asuncion Aurora Cup U2200"]
[Site "Asuncion"]
[Date "2018.10.20"]
[Round "2"]
[White "Benitez, Raul Ivan"]
[Black "Medina, Carlos Fermin"]
[Result "1-0"]
[WhiteElo "1735"]
[BlackElo "1491"]
[PlyCount "63"]
[EventDate "2018.10.19"]
[EventType "swiss"]
[EventRounds "7"]
[EventCountry "PAR"]
[SourceTitle "CBM 187 Extra"]
[Source "ChessBase"]
[SourceDate "2018.11.04"]
[SourceVersion "1"]
[SourceVersionDate "2018.11.04"]
[SourceQuality "1"]

1. e4 c5 2. d4 e6 3. d5 d6 4. c4 exd5 5. cxd5 a6 6. a4 g6 7. Nc3 Bg7 8. Nf3 Nh6 9. h3 0-0 10. Be3 f5 11. Qd2 fxe4 12. Nxe4 Nf5 13. Bg5 Qb6 14. Be2 Nd4 15. Nxd4 Bxd4 16. 0-0 Bf5 17. Nc3 Bc8 18. a5 Qc7 19. Na4 Nd7 20. Rac1 Qb8 21. b4 b5 22. axb6 Nxb6 23. bxc5 Nxa4 24. Qxd4 Nxc5 25. Bc4 a5 26. Rfe1 Bd7 27. Re7 Rf7 28. Rxf7 Kxf7 29. Qf6+ Kg8 30. Bh6 Qf8 31. Bxf8 Rxf8 32. Qxd6 1-0

[Event "ARG-ch sf"]
[Site "Corrientes"]
[Date "2018.03.17"]
[Round "4"]
[White "Villalba, Hugo F"]
[Black "Medina, Carlos Fermin"]
[Result "0-1"]
[WhiteElo "2177"]
[BlackElo "1529"]
[PlyCount "124"]
[EventDate "2018.03.16"]
[EventType "swiss"]
[EventRounds "7"]
[EventCountry "ARG"]
[SourceTitle "CBM 183 Extra"]
[Source "ChessBase"]
[SourceDate "2018.04.19"]
[SourceVersion "1"]
[SourceVersionDate "2018.04.19"]
[SourceQuality "1"]

1. d4 Nf6 2. c4 e6 3. Nc3 Bb4 4. Bd2 0-0 5. Qc2 d5 6. e3 c5 7. a3 Bxc3 8. bxc3 cxd4 9. cxd4 Nc6 10. Nf3 Re8 11. cxd5 exd5 12. Bd3 Bg4 13. Bc3 Rc8 14. Qb2 Ne4 15. Bxe4 dxe4 16. Nd2 Qg5 17. Nf1 Ne7 18. Ng3 Nd5 19. Bd2 h5 20. h4 Qf6 21. Qb3 Nb6 22. Rc1 Rxc1+ 23. Bxc1 Rc8 24. Bd2 Qe7 25. 0-0 Qxh4 26. Rc1 Rxc1+ 27. Bxc1 Qe7 28. Nf1 h4 29. Qc2 h3 30. g3 Qe6 31. Nh2 Qf5 32. Bb2 Bf3 33. a4 Qa5 34. Bc3 Qxa4 35. Qxa4 Nxa4 36. Bb4 f6 37. Nxf3 exf3 38. Kh2 Nb2 39. Kxh3 Nd3 40. Bd6 Nxf2+ 41. Kh2 Ng4+ 42. Kg1 Nxe3 43. Bb8 Ng4 44. Bxa7 Kf7 45. Bb8 Ke6 46. Kf1 g5 47. Bc7 b5 48. Ba5 Kd5 49. Bc3 Ke4 50. Ke1 f5 51. Bd2 f4 52. gxf4 gxf4 53. d5 Kxd5 54. Bxf4 b4 55. Bd2 Kc4 56. Bg5 b3 57. Bc1 Kd3 58. Ba3 Kc2 59. Kf1 b2 60. Bxb2 Kxb2 61. Ke1 Kc3 62. Kf1 Kd2 0-1

[Event "ARG-ch sf"]
[Site "Corrientes"]
[Date "2018.03.17"]
[Round "5"]
[White "Zarate, Celeste"]
[Black "Medina, Carlos Fermin"]
[Result "1/2-1/2"]
[WhiteElo "1056"]
[BlackElo "1529"]
[PlyCount "125"]
[EventDate "2018.03.16"]
[EventType "swiss"]
[EventRounds "7"]
[EventCountry "ARG"]
[SourceTitle "CBM 183 Extra"]
[Source "ChessBase"]
[SourceDate "2018.04.19"]
[SourceVersion "1"]
[SourceVersionDate "2018.04.19"]
[SourceQuality "1"]

1. c4 Nf6 2. Nf3 e6 3. g3 Be7 4. Bg2 Nc6 5. d4 d5 6. cxd5 exd5 7. Nc3 0-0 8. 0-0 Be6 9. a3 Bd6 10. b4 Bg4 11. Bg5 Be7 12. b5 Na5 13. Ne5 Be6 14. Qa4 b6 15. Na2 h6 16. Bd2 Bd6 17. Bxa5 Bxe5 18. dxe5 Nd7 19. Bc3 a6 20. Nb4 axb5 21. Qxb5 Nc5 22. Nc6 Qc8 23. Ne7+ Kh8 24. Nxc8 Rfxc8 25. Bb4 Nb3 26. Rab1 Nd4 27. Qd3 c5 28. Bc3 Rxa3 29. Rxb6 Rxc3 30. Qxc3 Nxe2+ 31. Kh1 Nxc3 32. Rc1 d4 33. Rc6 Rxc6 34. Bxc6 c4 35. Bf3 Na2 36. Rc2 Nb4 37. Rb2 Nd3 38. Rb8+ Kh7 39. Be4+ g6 40. Bxd3 cxd3 41. Rb2 g5 42. Rd2 Bc4 43. Kg2 Kg6 44. g4 h5 45. h3 h4 46. Kf1 Kg7 47. Ke1 Kf8 48. Rb2 Ke7 49. Rb6 Bd5 50. Rd6 Bg2 51. Rxd4 Bxh3 52. f3 Ke6 53. Kf2 Kxe5 54. Rxd3 f5 55. f4+ Kxf4 56. Rxh3 Kxg4 57. Kg2 Kh5 58. Ra3 g4 59. Ra5 Kg5 60. Rb5 Kf4 61. Rb4+ Kg5 62. Rb5 Kf4 63. Rb4+ 1/2-1/2

[Event "ARG-ch sf"]
[Site "Corrientes"]
[Date "2018.03.16"]
[Round "2"]
[White "Maciel, Rafael"]
[Black "Medina, Carlos Fermin"]
[Result "1-0"]
[WhiteElo "1703"]
[BlackElo "1529"]
[PlyCount "71"]
[EventDate "2018.03.16"]
[EventType "swiss"]
[EventRounds "7"]
[EventCountry "ARG"]
[SourceTitle "CBM 183 Extra"]
[Source "ChessBase"]
[SourceDate "2018.04.19"]
[SourceVersion "1"]
[SourceVersionDate "2018.04.19"]
[SourceQuality "1"]

1. e4 d6 2. d4 e6 3. Nf3 Be7 4. Bd3 Bd7 5. Nc3 h6 6. Bf4 g5 7. Bg3 h5 8. h3 c6 9. Qe2 Nh6 10. d5 e5 11. Nd2 h4 12. Bh2 c5 13. Nd1 a6 14. c4 g4 15. hxg4 Bxg4 16. f3 Bd7 17. Ne3 h3 18. 0-0-0 hxg2 19. Rhg1 Qa5 20. Kb1 b5 21. Rxg2 b4 22. f4 exf4 23. Bxf4 Ng8 24. Nf5 Bxf5 25. exf5 Kd7 26. Re1 Qd8 27. Ne4 Nf6 28. Ng5 Rf8 29. Nxf7 Rxf7 30. Qe6+ Ke8 31. Bxd6 Ra7 32. Bxc5 Rd7 33. d6 Nc6 34. dxe7 Qc7 35. Rh1 Nxe7 36. Rh8+ 1-0

[Event "Resistencia Chaqueno-ch"]
[Site "Resistencia"]
[Date "2018.02.10"]
[Round "1"]
[White "Centeno, Adolfo"]
[Black "Medina, Carlos Fermin"]
[Result "0-1"]
[WhiteElo "1666"]
[BlackElo "1529"]
[PlyCount "46"]
[EventDate "2018.02.10"]
[EventType "swiss"]
[EventRounds "6"]
[EventCountry "ARG"]
[SourceTitle "CBM 182 Extra"]
[Source "ChessBase"]
[SourceDate "2018.02.23"]
[SourceVersion "1"]
[SourceVersionDate "2018.02.23"]
[SourceQuality "1"]

1. e4 Nf6 2. Nc3 e5 3. Nf3 Nc6 4. Bb5 d6 5. d4 exd4 6. Nxd4 Bd7 7. Bg5 Be7 8. 0-0 Nxd4 9. Bxd7+ Qxd7 10. Qxd4 0-0 11. Rfe1 Rfe8 12. Rad1 Qc6 13. Qd3 Rad8 14. Qf3 h6 15. Bf4 Nh7 16. h3 Ng5 17. Qg4 Kh8 18. Re2 Bf6 19. Qh5 Kg8 20. Bxg5 Bxg5 21. f4 Qc5+ 22. Kh1 Bxf4 23. Rf1 Qxh5 0-1

[Event "PAR-ch sf"]
[Site "Asuncion"]
[Date "2017.08.16"]
[Round "8"]
[White "Gonzalez Gauto, Victor"]
[Black "Medina, Carlos Fermin"]
[Result "0-1"]
[WhiteElo "1512"]
[BlackElo "1521"]
[PlyCount "100"]
[EventDate "2017.08.11"]
[EventType "swiss"]
[EventRounds "9"]
[EventCountry "PAR"]
[SourceTitle "CBM 180 Extra"]
[Source "ChessBase"]
[SourceDate "2017.10.06"]
[SourceVersion "1"]
[SourceVersionDate "2017.10.06"]
[SourceQuality "1"]

1. d4 Nf6 2. c4 e6 3. Nc3 c5 4. Nf3 cxd4 5. Nxd4 Bb4 6. Qc2 0-0 7. e4 d5 8. cxd5 exd5 9. e5 Re8 10. Bd3 Rxe5+ 11. Be3 Nc6 12. 0-0 Bd6 13. Nxc6 bxc6 14. Be2 Bf5 15. Qd2 Qc7 16. g3 Bh3 17. Rfe1 Rae8 18. Bd4 Ne4 19. Nxe4 Rxe4 20. Bd3 R4e6 21. Rxe6 fxe6 22. Qg5 Qf7 23. Qh4 Bf5 24. Bxf5 exf5 25. Rc1 Re4 26. Qd8+ Bf8 27. Bc5 Re8 28. Qa5 Bxc5 29. Qxc5 Rc8 30. a4 h5 31. Qd6 Qf6 32. Qd7 Rd8 33. Qxa7 d4 34. Qa5 Rd6 35. Qd2 h4 36. a5 hxg3 37. hxg3 Qe5 38. b4 Qd5 39. Rc5 Qe4 40. a6 Rh6 41. f3 Qxf3 42. Qg2 Qd1+ 43. Kf2 Re6 44. Qf1 Qd2+ 45. Kg1 Rh6 46. Qg2 Qe1+ 47. Qf1 Qxg3+ 48. Qg2 Qe1+ 49. Qf1 Rg6+ 50. Kh2 Qg3+ 0-1

[Event "PAR-ch sf"]
[Site "Asuncion"]
[Date "2017.08.14"]
[Round "5"]
[White "Medina, Carlos Fermin"]
[Black "Jodorcovsky, Alejandro David"]
[Result "1-0"]
[WhiteElo "1521"]
[BlackElo "1284"]
[PlyCount "79"]
[EventDate "2017.08.11"]
[EventType "swiss"]
[EventRounds "9"]
[EventCountry "PAR"]
[SourceTitle "CBM 180 Extra"]
[Source "ChessBase"]
[SourceDate "2017.10.06"]
[SourceVersion "1"]
[SourceVersionDate "2017.10.06"]
[SourceQuality "1"]

1. g3 e5 2. Bg2 d5 3. d3 Nf6 4. c4 dxc4 5. Qa4+ Bd7 6. Qxc4 Nc6 7. Nf3 Bd6 8. 0-0 0-0 9. Bg5 h6 10. Bd2 Be6 11. Qc2 Qd7 12. Re1 Bh3 13. Bh1 Rfe8 14. Nc3 Qg4 15. a3 a5 16. Rad1 Rab8 17. Nb5 e4 18. Nxd6 cxd6 19. dxe4 Nxe4 20. Bf4 Rbd8 21. Nd4 Nxd4 22. Rxd4 Rc8 23. Qa4 Nc5 24. Qd1 Ne6 25. Bf3 Qg6 26. Rxd6 Rcd8 27. Rxd8 Rxd8 28. Qa4 Nxf4 29. Qxf4 Qb6 30. b4 axb4 31. axb4 Re8 32. g4 Re6 33. Rc1 Qd8 34. e3 Rf6 35. Qg3 Bxg4 36. Bxg4 Rg6 37. Rc8 Qxc8 38. Bxc8 Rxg3+ 39. hxg3 b6 40. Kf1 1-0

[Event "PAR-ch sf"]
[Site "Asuncion"]
[Date "2017.08.13"]
[Round "3"]
[White "Mayeregger, Arnold"]
[Black "Medina, Carlos Fermin"]
[Result "1-0"]
[WhiteElo "1809"]
[BlackElo "1521"]
[PlyCount "121"]
[EventDate "2017.08.11"]
[EventType "swiss"]
[EventRounds "9"]
[EventCountry "PAR"]
[SourceTitle "CBM 180 Extra"]
[Source "ChessBase"]
[SourceDate "2017.10.06"]
[SourceVersion "1"]
[SourceVersionDate "2017.10.06"]
[SourceQuality "1"]

1. d4 Nf6 2. c4 g6 3. Nc3 d5 4. Nf3 Bg7 5. Bf4 c6 6. e3 0-0 7. Be2 Nh5 8. Bg5 h6 9. Bh4 g5 10. Nd2 Nf6 11. Bg3 Nbd7 12. cxd5 cxd5 13. h4 Re8 14. hxg5 hxg5 15. Nf3 g4 16. Ne5 Nxe5 17. Bxe5 Bf5 18. Bxf6 Bxf6 19. Bxg4 Bg6 20. Bh5 Bf5 21. Qf3 Be6 22. g4 Rf8 23. Qh3 Qb6 24. 0-0-0 Qb4 25. Bg6 Rfc8 26. Bc2 a5 27. f4 Rxc3 28. bxc3 Qxc3 29. Rd3 Qa1+ 30. Kd2 Qxa2 31. Rc3 b5 32. f5 Bd7 33. g5 Bg7 34. Qh7+ Kf8 35. f6 exf6 36. gxf6 Bxf6 37. Qh6+ Ke7 38. Rf1 Ra6 39. Rc7 b4 40. Rxf6 Rxf6 41. Rxd7+ Kxd7 42. Qxf6 b3 43. Qxf7+ Kd6 44. Qf6+ Kc7 45. Qe7+ Kb6 46. Qc5+ Ka6 47. Qc8+ Ka7 48. Qd7+ Ka6 49. Qe6+ Ka7 50. Qe7+ Ka6 51. Qd6+ Ka7 52. Qe7+ Ka6 53. Qe6+ Ka7 54. Qf7+ Ka6 55. Qg6+ Kb5 56. Qe8+ Ka6 57. Qa8+ Kb6 58. Qb8+ Kc6 59. Qxb3 Qa1 60. Qa4+ Qxa4 61. Bxa4+ 1-0

[Event "PAR-ch sf"]
[Site "Asuncion"]
[Date "2017.08.13"]
[Round "4"]
[White "Medina, Carlos Fermin"]
[Black "Wilberger, Marcelo"]
[Result "1-0"]
[WhiteElo "1521"]
[BlackElo "1701"]
[PlyCount "100"]
[EventDate "2017.08.11"]
[EventType "swiss"]
[EventRounds "9"]
[EventCountry "PAR"]
[SourceTitle "CBM 180 Extra"]
[Source "ChessBase"]
[SourceDate "2017.10.06"]
[SourceVersion "1"]
[SourceVersionDate "2017.10.06"]
[SourceQuality "1"]

1. c4 Nf6 2. g3 g6 3. Bg2 d5 4. Nf3 Bg7 5. 0-0 0-0 6. cxd5 Nxd5 7. Nc3 c5 8. Qb3 Nb6 9. d3 Nc6 10. a3 Be6 11. Qc2 Rc8 12. Rb1 Nd4 13. Qd1 Bb3 14. Qd2 Bc2 15. Ra1 Nb3 16. Qxc2 Nxa1 17. Qd1 c4 18. d4 Nb3 19. Be3 e6 20. Bg5 f6 21. Bf4 Nd5 22. Bd2 Nxd2 23. Qxd2 Nxc3 24. bxc3 f5 25. Rb1 b6 26. e3 e5 27. Qa2 exd4 28. cxd4 Kh8 29. Rc1 b5 30. h4 Bf6 31. Qb2 Qa5 32. Rc3 Rb8 33. Nd2 Rfc8 34. Bf1 b4 35. axb4 Qxb4 36. Qc1 Qb2 37. Qxb2 Rxb2 38. Nxc4 Rb4 39. Rc2 a5 40. Kg2 a4 41. Kf3 a3 42. Nxa3 Rxc2 43. Nxc2 Rb2 44. Bd3 Kg7 45. Ke2 Kf7 46. Kd2 Ke7 47. f3 Kd7 48. h5 Rb1 49. hxg6 hxg6 50. Ne1 Bg5 1-0

[Event "PAR-ch sf"]
[Site "Asuncion"]
[Date "2017.08.12"]
[Round "2"]
[White "Britez, G Jorge A"]
[Black "Medina, Carlos Fermin"]
[Result "1-0"]
[WhiteElo "1814"]
[BlackElo "1521"]
[PlyCount "135"]
[EventDate "2017.08.11"]
[EventType "swiss"]
[EventRounds "9"]
[EventCountry "PAR"]
[SourceTitle "CBM 180 Extra"]
[Source "ChessBase"]
[SourceDate "2017.10.06"]
[SourceVersion "1"]
[SourceVersionDate "2017.10.06"]
[SourceQuality "1"]

1. c4 Nf6 2. g3 c5 3. Bg2 Nc6 4. Nf3 d6 5. d4 cxd4 6. Nxd4 Bd7 7. Nc3 g6 8. 0-0 Bg7 9. e4 0-0 10. Nc2 a6 11. Ne3 Qc8 12. Ned5 Nxd5 13. Nxd5 Qd8 14. Be3 Rb8 15. Bb6 Qc8 16. Ba7 Bxb2 17. Rb1 Bg7 18. Bxb8 Qxb8 19. Qb3 e6 20. Qxb7 Qxb7 21. Rxb7 Bc8 22. Ne7+ Nxe7 23. Rxe7 Bf6 24. Ra7 Bd4 25. Ra8 e5 26. Rb1 Be6 27. Rbb8 Rxb8 28. Rxb8+ Kg7 29. Bf1 a5 30. Kg2 Bc5 31. f3 a4 32. Bd3 a3 33. Kf1 h5 34. Ke2 Kf6 35. Rb1 Ke7 36. Kd2 Bd4 37. Kc2 Bd7 38. Be2 Ba4+ 39. Kd3 Bb2 40. Bd1 Bd7 41. Bb3 f5 42. Re1 Kf6 43. Re2 Bd4 44. Rd2 Bc5 45. Kc3 Bc6 46. Bc2 Kg5 47. h4+ Kf6 48. Rd1 Bd7 49. Rd5 Be6 50. Rd1 f4 51. gxf4 exf4 52. Rd2 Ke5 53. Rg2 Bf7 54. Rg5+ Kf6 55. Rg2 Ke5 56. Kd3 Be8 57. Rg5+ Kf6 58. Ke2 Bf7 59. Bd3 Be8 60. Rd5 Bf7 61. e5+ Ke7 62. exd6+ Bxd6 63. Ra5 Kd7 64. c5 Be7 65. Bb5+ Ke6 66. Bc4+ Kf6 67. Bxf7 Kxf7 68. c6 1-0

[Event "Asuncion Clasificatorio op 6th"]
[Site "Asuncion"]
[Date "2017.08.04"]
[Round "1.2"]
[White "Medina, Carlos Fermin"]
[Black "Benitez Galeano, Alejandro"]
[Result "0-1"]
[WhiteElo "1521"]
[BlackElo "1978"]
[PlyCount "100"]
[EventDate "2017.08.04"]
[EventType "swiss"]
[EventRounds "7"]
[EventCountry "PAR"]
[SourceTitle "EXT 2023"]
[Source "ChessBase"]
[SourceDate "2022.10.05"]
[SourceVersion "1"]
[SourceVersionDate "2022.10.05"]
[SourceQuality "1"]

1. c4 Nf6 2. g3 g6 3. Bg2 Bg7 4. e4 d6 5. Nc3 c5 6. Nge2 Nc6 7. 0-0 0-0 8. d3 Ne8 9. h3 Nc7 10. f4 Ne6 11. Rb1 Ned4 12. a3 a5 13. Be3 Bd7 14. Kh2 e6 15. Ng1 Qb6 16. b3 Qa6 17. Nce2 b5 18. Nxd4 Nxd4 19. f5 exf5 20. exf5 Nxf5 21. Bf4 Rad8 22. Ne2 Bc6 23. g4 Bxg2 24. Kxg2 Qc6+ 25. Kh2 Nh4 26. Rf2 Nf3+ 27. Kg3 Nd4 28. Nc3 Ne6 29. Nd5 Rfe8 30. Qf3 Nd4 31. Qg2 b4 32. axb4 axb4 33. Rbf1 Rd7 34. Kh2 Kh8 35. Bg5 Re5 36. h4 Qb7 37. Bf4 Re6 38. h5 Nxb3 39. h6 Be5 40. g5 Nd4 41. Bxe5+ Rxe5 42. Qg4 Ne6 43. Rf6 Nxg5 44. d4 cxd4 45. Qxd4 Qa7 46. Ra1 Qb7 47. Kg3 Ne4+ 48. Kg4 Nxf6+ 49. Nxf6 Qg2+ 50. Kf4 Qg5+ 0-1

[Event "Asuncion Clasificatorio op 6th"]
[Site "Asuncion"]
[Date "2017.07.23"]
[Round "?"]
[White "Medina, Carlos Fermin"]
[Black "Avalos, Leticia"]
[Result "1/2-1/2"]
[WhiteElo "1491"]
[BlackElo "1755"]
[PlyCount "34"]
[EventDate "2017.07.21"]
[EventType "swiss"]
[EventRounds "7"]
[EventCountry "PAR"]
[SourceTitle "EXT 2023"]
[Source "ChessBase"]
[SourceDate "2022.10.05"]
[SourceVersion "1"]
[SourceVersionDate "2022.10.05"]
[SourceQuality "1"]

1. c4 Nf6 2. g3 e6 3. Bg2 d5 4. Nf3 Be7 5. 0-0 0-0 6. b3 c6 7. Bb2 Nbd7 8. Re1 b6 9. Qc2 Bb7 10. Nc3 Rc8 11. e4 Qc7 12. e5 Ng4 13. d4 c5 14. Nb5 Qb8 15. h3 Nh6 16. Qd3 a6 17. Na3 Qa8 1/2-1/2